Reis e Rainhas de Portugal (Registo nº 745)
[ vista simples ]
| 000 -Etiqueta do registo | |
|---|---|
| Cabeçalho | 00669nam0a22002771i 4500 |
| 005 - Identificador da versão | |
| Campo de controlo | 20240813121812.0 |
| 010 ## - Número internacional normalizado dos livros (ISBN) | |
| Número (ISBN) | 9789727666638 |
| 021 ## - Número do Depósito Legal | |
| Código do país | PT |
| Número | 260512/07 |
| 035 ## - Other System Control Numbers | |
| System Control Number | 0000815 |
| System Control Number | 0000810 |
| System Control Number | 0000803 |
| System Control Number | 0000791 |
| 100 ## - Dados gerais de processamento | |
| Dados gerais de processamento | 20071205d20052007a e0pory5003 ba |
| 102 ## - Pais de publicação ou produção | |
| País de publicação | Portugal |
| 101 0# - Língua de publicação | |
| Língua do texto, banda sonora, etc. | Português |
| Língua do documento no original | Português |
| 106 ## - Campo de dados codificados: material textual | |
| Dados codificados do material textual | r |
| 105 ## - Campo de dados codificados: livros | |
| Dados codificados dos livros | a z 001yy |
| 215 ## - Descrição física | |
| Indicação específica da natureza do documento e extensão da espécie | 155 p. |
| Outras indicações físicas | il. |
| Dimensões | cm |
| 200 1# - Titulo e menção de responsabilidade | |
| Título próprio | Reis e Rainhas de Portugal |
| Primeira menção de responsabilidade | Maria de Lurdes Marcelo |
| Outras menções de responsabilidade | il. António Salvador |
| 205 ## - Menção da edição | |
| Menção da edição | 3ª ed. |
| 210 ## - Publicação, Distribuição, etc. | |
| Lugar da edição, distribuição, etc. | Sintra |
| Nome do editor, distribuidor, etc. | Impala Editores |
| Data da publicação, distribuição, etc. | 2005 |
| 702 #1 - Nome de autor-pessoa física (responsabilidade secundária) | |
| Número de registo de entrada de autoridade | 0001032 |
| Código de função | Ilustrador / Técnico de desenho computorizado |
| 942 ## - Elementos de entrada adicionados (Koha) | |
| Tipo de item no Koha | Livro |
| Situação do levantamento | Origin of item (home branch) (coded) | Biblioteca de empréstimo | Código de barras | Circulation type (not for loan) | Tipo de documento | Nota do exemplar | Damaged status |
|---|---|---|---|---|---|---|---|
| Biblioteca Escolar Eng. Nuno Mergulhão | Biblioteca Escolar Eng. Nuno Mergulhão | BENM1335 | Livro | Sem mensagem |
